[Event "ENG vs SWE Challenge Match"]
[Site "London"]
[Date "2022.03.12"]
[Round "10.1"]
[White "Howell, David W L"]
[Black "Grandelius, Nils"]
[Result "1/2-1/2"]
[WhiteElo "2646"]
[BlackElo "2672"]
[Annotator "TA"]
[PlyCount "62"]
[EventDate "2022.03.02"]
[EventType "match"]
[EventCountry "ENG"]
[SourceTitle "playchess.com"]
[Source "ChessBase"]
[SourceQuality "1"]

{[%evp 12,62,18,6,17,0,10,16,16,24,45,8,8,7,7,0,0,-15,-15,-15,-16,-14,-14,-10,-12,-20,0,0,0,-23,0,0,0,-9,-4,-15,-13,-15,0,-19,0,0,0,0,0,0,0,0,0,0,0,0,0]} 1. d4 Nf6 2. c4 e6 3. Nc3 Bb4 4. Qc2 d5 5. a3 Bxc3+ 6. Qxc3 O-O 7. Nf3 b6 {E36: Nimzo-Indian: Classical: 4...d5 5 a3.} 8. Bg5 dxc4 9. Qxc4 {[%cal Oe2e4]} c5 10. dxc5 bxc5 {[#]} 11. Rc1 $146 ({Predecessor:} 11. Nd2 Ba6 12. Qc2 h6 13. Bh4 Nbd7 14. e3 Bxf1 15. Rxf1 c4 16. Ke2 Qb8 17. Bg3 {1-0 (39) Shankland,S (2708)-Grischuk,A (2764) Belgrade 2022}) 11... Nbd7 12. e4 {[#] Black must now prevent e5.} h6 13. Bf4 e5 14. Nxe5 Nxe5 15. Bxe5 {A strong pair of Bishops.} Re8 16. Bxf6 Qxf6 17. Be2 Qxb2 {[%cal Oe8e4] [#] Threatens to win with ...Rxe4!} 18. O-O Be6 19. Qa6 Qb6 20. Rb1 Qxa6 21. Bxa6 {The position is equal.} Rab8 22. Rbc1 Rb3 23. Rxc5 Rxa3 24. Bb7 Rd8 25. h4 a5 26. Bd5 Bxd5 27. exd5 a4 28. Ra5 Rd3 29. Ra1 R3xd5 30. Rxd5 Rxd5 31. Rxa4 h5 {A balanced but interesting game.  Weighted Error Value: White=0.06 (flawless) /Black=0.04 (flawless)} 1/2-1/2